Guess The Country By The Bad Spelling #1 - Statistics

General Stats
  • This quiz has been taken 67 times
  • The average score is 19 of 20
Answer Stats
Misspelling Correct Spelling % Correct
Eggypsyt Egypt
100%
Asutrailinaia Australia
98%
Hungry Hungary
98%
Jumuinca Jamaica
98%
Barnlaggash Bangladesh
97%
Sandy Auabina Saudi Arabia
97%
Buthtan Bhutan
95%
Packingsting Pakistan
95%
Fillingpines Philippines
95%
Hatingi Haiti
94%
Sceneagail Senegal
94%
Somefillia Somalia
94%
Sirinume Suriname
94%
Turnisina Tunisia
94%
Twinigad and Tomato Trinidad and Tobago
92%
Krazukhhsutun Kazakhstan
91%
Answerbahhjam Azerbaijan
89%
Lickteenstan Liechtenstein
89%
Tagjkistin Tajikistan
88%
Robotsana Botswana
72%
No matching quizzes found
Score Distribution
Percent of People with Each Score
Percentile by Number Answered
Your Score History
You have not taken this quiz